Nicaragua: crisis en la contra, diálogo pendiente

En Nicaragua, la diferencia política entre el gobierno sandinista y los contra revolucionarios han llevado a su país a una extrema recesión económica y problemas sociales inigualables, dado el poco éxito que ha tenido el proceso de diálogo entre ambas partes. OB/EL

Сохранить в:
Библиографические подробности
Формат: Текст
Предметы:
Метки: Добавить метку
Нет меток, Требуется 1-ая метка записи!

MARC

LEADER 00000 a a2200000 04500
001 2737
003
040
245 |a Nicaragua:   |b crisis en la contra, diálogo pendiente  
520 |a En Nicaragua, la diferencia política entre el gobierno sandinista y los contra revolucionarios han llevado a su país a una extrema recesión económica y problemas sociales inigualables, dado el poco éxito que ha tenido el proceso de diálogo entre ambas partes. OB/EL  
650 |a POLITICA NACIONAL  
650 |a FUERZAS ARMADAS  
650 |a GUERRA CIVIL  
650 |a PROBLEMAS POLITICOS  
650 |a PROBLEMAS SOCIALES  
650 |a CONDICIONES DE VIDA  
650 |a IDEOLOGIAS  
773 |g número 4; páginas 10-11  
999 |c 35800  |d 35800